Movies Quiz

Random Movies or Quote Quiz

Movie by Quote: Famous Actresses Quiz Stats

Quiz Updated Jan 13, 2015

Challenge
Share
Tweet
Embed
Score 0/27 Timer 06:00
2 Plays Today
Quote Movie % Correct
Julia RobertsPretty Woman
90.3%
Natalie PortmanBlack Swan
88.6%
Helena Bonham CarterAlice in Wonderland
77.4%
Meryl StreepThe Devil Wears Prada
75.7%
Sandra BullockSpeed
74.9%
Renée ZellwegerBridget Jones's Diary
74.5%
Sandra BullockGravity
73.6%
Renée ZellwegerJerry Maguire
69.9%
Angelina JolieMaleficent
65.5%
Julia RobertsOcean's Eleven
60%
Angelina JolieGone in Sixty Seconds
56.9%
Jennifer AnistonBruce Almighty
56.4%
Julia RobertsNotting Hill
55.4%
Meryl StreepSophie's Choice
53.9%
Quote Movie % Correct
Sandra BullockMiss Congeniality
53.3%
Jennifer AnistonOffice Space
52.5%
Angelina JolieMr. & Mrs. Smith
49.3%
Michelle PfeifferBatman Returns
46.4%
Helena Bonham CarterFight Club
45.4%
Jennifer AnistonHorrible Bosses
42.4%
Natalie PortmanLéon: The Professional
38.3%
Natalie PortmanGarden State
32%
Renée ZellwegerChicago
31.6%
Michelle PfeifferScarface
25.4%
Helena Bonham CarterCorpse Bride
19.8%
Michelle PfeifferI Am Sam
15.7%
Meryl StreepAdaptation
14.3%

You're not logged in!

Compare scores with friends on all Sporcle quizzes.
Join for Free
OR
Log In

You Might Also Like...

Show Comments

Extras

Top Quizzes Today


Score Distribution

Your Account Isn't Verified!

In order to create a playlist on Sporcle, you need to verify the email address you used during registration. Go to your Sporcle Settings to finish the process.

Report this User

Report this user for behavior that violates our Community Guidelines.

Details: